Návrh riešenia pre zníženie zaťaženia ručnej manipulácie s bremenami a činností spôsobujúcich poškodenie podporno-pohybovej sústavy v podmienkach podniku CHEMOSVIT FOLIE, a.s.

Gespeichert in:
Bibliographische Detailangaben
1. Verfasser: Zelenay, Tomáš (Verfasst von)
Weitere Verfasser: Beňo, Rastislav (Betreuung Doktorarbeit)
Format: Manuskript Buch
Sprache:Slowakisch
Veröffentlicht: 2015
Schlagworte:
Online-Zugang:http://is.stuba.sk/zp/portal_zp.pl?podrobnosti=96494
Tags: Tag hinzufügen
Keine Tags, Fügen Sie das erste Tag hinzu!

MARC

LEADER 00000ntm a22000003a 4500
001 stuzp50094
003 SK-STU
005 20160719153442.4
007 ta
008 150427s2015----xo-----f-mn---000-0-slo-d
040 |a STU  |b slo 
041 0 |a slo 
100 1 |a Zelenay, Tomáš  |u 064000  |4 aut  |U MTF Materiálovotechnologická fakulta  |T MTF Ústav priemyselného inžinierstva a manažmentu  |X 47070  |U M4000  |Y 84  |7 47070 
242 0 1 |a The proposal for reduction of manual handling with loads and activities causing musculoskeletal system disorders in CHEMOSVIT FOLIE  |y eng 
245 1 0 |a Návrh riešenia pre zníženie zaťaženia ručnej manipulácie s bremenami a činností spôsobujúcich poškodenie podporno-pohybovej sústavy v podmienkach podniku CHEMOSVIT FOLIE, a.s. 
260 |c 2015 
650 4 |a Jack  |2 slo 
650 4 |a bremeno  |2 slo 
650 4 |a manipulácia  |2 slo 
650 4 |a ergonómia  |2 slo 
650 4 |a ergonomická analýza  |2 slo 
650 4 |a Jack  |2 eng 
650 4 |a ergonomic analysis  |2 eng 
650 4 |a ergonomics  |2 eng 
650 4 |a load  |2 eng 
650 4 |a manual handling  |2 eng 
700 1 |a Beňo, Rastislav  |4 ths  |X 34860  |7 A000034860 
856 4 |u http://is.stuba.sk/zp/portal_zp.pl?podrobnosti=96494 
996 |c M* BP-7315  |l MMSKP  |s A  |a 24  |w stuzp50094_0001 
SQL |a stuzp50094  |b DBP  |c SLO  |d Návrh riešenia pre zníženie zaťaženia ručnej manipulácie s bremenami a činností spôsobujúcich poškodenie podporno-pohybovej sústavy v podmienkach podniku CHEMOSVIT FOLIE, a.s.  |e 47070  |f Zelenay, Tomáš  |g 064000  |h 34860  |i Beňo, Rastislav  |j 20150624  |k 175  |l 06  |m http://is.stuba.sk/zp/portal_zp.pl?podrobnosti=96494  |n B-PMA  |o 5.2.52. priemyselné inžinierstvo